Amadeo Modigliani

Guardat en:
Dades bibliogràfiques
Autor principal: Russoli, Franco (Autor)
Format: Llibre
Idioma:espanyol
Publicat: Buenos Aires Codex S. A 1964
Edició:1a. ed
Col·lecció:Pinacoteca de los Genios, 2
Matèries:
Etiquetes: Afegir etiqueta
Sense etiquetes, Sigues el primer a etiquetar aquest registre!

MARC

LEADER 00000cam a2200000 a 4500
001 UCC6516
003 CL-VaPUC
008 181213e19640000ag |||||||||||||||||spa|d
082 0 4 |a 759.5  |b RUS  |2 21 
100 0 |a Russoli, Franco  |e author  |9 600990 
245 1 0 |a Amadeo Modigliani 
250 |a 1a. ed 
300 |a pág. irreg 
942 |c BK 
945 |d 20181213 14:55:00  |a dcastane 
260 |a Buenos Aires  |b Codex S. A  |c 1964 
600 0 |a Modigliani, Amedeo Clemente,   |d 1884-1920  |9 390828 
650 0 |a Pintores italianos  |9 265277 
650 0 |a Pintura italiana  |9 265293 
583 |a last modification  |c 20181213 14:55:00  |k Rodrigo Vera 
490 0 |a Pinacoteca de los Genios, 2 
999 |c 373457  |d 373455 
952 |0 0  |1 0  |2 ddc  |3 erb  |4 0  |6 759_500000000000000_RUS_1964  |7 0  |8 A  |9 491564  |a BIBART  |b BIBART  |i 5522781  |o 759.5 RUS 1964  |p 5522781  |r 2025-03-13  |w 2019-11-24  |y BK  |z Catalogado en:20181213  |k ART